000
00268nam a2200097Ia 4500
008
230915s9999 xx 000 0 und d
050
_a
RT 85 .B88 2008
100
_a
BUTTS JANIE B.
245
0
_a
NURSING ETHICS ACROSS THE CURRICULUM AND INTO PRACTICE
942
_c
BK
999
_c
200711
_d
200711